000 00504nam a2200181Ia 4500
005 20250326123904.0
008 250326s9999 xx 000 0 und d
037 _aTextbook
040 _aFMSL
_beng
_cFMSL
041 _aeng
_2eng
084 _aS8 L2
_qFMSL
100 _aSnadowsky A M
_988477
245 0 _aSocial psychology research: laboratory- field relationships
_cSnadowsky A M
260 _aNY
_bNY, Free
_c1972
300 _a338p
942 _cTB
_hS8 L2
999 _c1271353
_d1271353